Mahākavibhāravipraṇītaṃ Kirātārjunīyam. (Record no. 66044)

MARC details
000 -LEADER
fixed length control field 00710cam a22002531 4500
001 - CONTROL NUMBER
control field sa 65009159
003 - CONTROL NUMBER IDENTIFIER
control field DLC
005 - DATE AND TIME OF LATEST TRANSACTION
control field 20260227112200.0
008 - FIXED-LENGTH DATA ELEMENTS--GENERAL INFORMATION
fixed length control field 900216s1962 ii 000 0 sano
010 ## - LIBRARY OF CONGRESS CONTROL NUMBER
LC control number sa 65009159
035 ## - SYSTEM CONTROL NUMBER
System control number (OCoLC)21075864
040 ## - CATALOGING SOURCE
Original cataloging agency DLC
Transcribing agency WaU
Modifying agency DLC
042 ## - AUTHENTICATION CODE
Authentication code premarc
050 00 - LIBRARY OF CONGRESS CALL NUMBER
Classification number PK3791.B252
Item number M3
100 0# - MAIN ENTRY--PERSONAL NAME
Personal name Bhāravi.
245 00 - TITLE STATEMENT
Title Mahākavibhāravipraṇītaṃ Kirātārjunīyam.
260 ## - PUBLICATION, DISTRIBUTION, ETC.
Date of publication, distribution, etc. [1962]
300 ## - PHYSICAL DESCRIPTION
Extent 19, 63 p.
Dimensions 19 cm.
490 0# - SERIES STATEMENT
Series statement Vidyabhawan Sanskrit granthamala,
Volume/sequential designation 86
500 ## - GENERAL NOTE
General note Added t.p. in English.
500 ## - GENERAL NOTE
General note In Sanskrit; foreword and introd. in Hindi.
700 1# - ADDED ENTRY--PERSONAL NAME
Personal name Pandeya, Umesh Chandra.
Title of a work Sudhā.
740 0# - ADDED ENTRY--UNCONTROLLED RELATED/ANALYTICAL TITLE
Uncontrolled related/analytical title Kirātārjuniyam.

No items available.

Powered by Koha